The Range of Choice in Water Management : a study of dissolved oxygen in the potomac estuary (Record no. 293)

000 -LEADER
fixed length control field 00388 a2200097 4500
082 ## - DEWEY DECIMAL CLASSIFICATION NUMBER
Classification number 333.91 DAV
100 ## - MAIN ENTRY--PERSONAL NAME
Personal name Davis, Robert K.
245 ## - TITLE STATEMENT
Title The Range of Choice in Water Management : a study of dissolved oxygen in the potomac estuary
Statement of responsibility, etc. Robert K. Davis
260 ## - PUBLICATION, DISTRIBUTION, ETC.
Place of publication, distribution, etc. Washington :
Name of publisher, distributor, etc. Resources for the Future,
Date of publication, distribution, etc. 1968
300 ## - PHYSICAL DESCRIPTION
Extent xviii, 196p. :
Other physical details ill ., ;
Dimensions 23 cm
650 ## - SUBJECT ADDED ENTRY--TOPICAL TERM
Topical term or geographic name entry element Water Quality Management -- Potomac River Estuary
Holdings
Withdrawn status Lost status Damaged status Not for loan Permanent Location Current Location Shelving location Date acquired Total Checkouts Full call number Barcode Date last seen Price effective from Koha item type
        School of Civil and Environmental Engineering (SCEE) School of Civil and Environmental Engineering (SCEE)       333.91 DAV NIT-345 01/05/2017 01/05/2017 Book
© 2023 Central Library, National University of Sciences and Technology. All Rights Reserved.